La arqueología histórica de Panamá

Bewaard in:
Bibliografische gegevens
Hoofdauteur: Rovira, Beatriz E.
Formaat: Onbekend
Gepubliceerd in: Panamá Instituto Nacional de Cultura, Dirección Nacional de Patrimonio Histórico 1985
Onderwerpen:
Tags: Voeg label toe
Geen labels, Wees de eerste die dit record labelt!

MARC

LEADER 000000000a22000000004500
001 002198
041 0 |a español 
092 0 |a 930.1 R875a 
100 1 |a Rovira, Beatriz E. 
245 1 3 |a La arqueología histórica de Panamá 
260 |a Panamá   |b Instituto Nacional de Cultura, Dirección Nacional de Patrimonio Histórico   |c 1985 
300 |a 16 páginas   |b ilustraciones 
500 |a Número de inscripción 01581 
650 4 |a ARQUEOLOGIA 
650 4 |a ANTIGUEDADES 
650 4 |a HISTORIA 
650 4 |a PANAMA 
999 |c 3064  |d 3064